000 008020000a22002170004500
020 _a84-7057-249-0
041 0 _aSPA
082 0 4 _aG 131.34 D6659e
100 1 _aDolto, Francoise
245 1 0 _aEl Evangelio ante el psicoanálisis / Francoise Dolto ; E. de Merlo, Traductor
260 _aHuesca, Madrid, España : Cristiandad
300 _a154 Pag.
500 _aTítulo original : L´Evangile au risque de la psychalyse
505 0 0 _ala "sagrada familia" -- en el templo -- como niños -- la boda en Caná -- al pie de la cruz -- las resurrecciones -- el perfume de Betania -- parábola del samaritano.
650 1 4 _aPSICOANALISIS Y RELIGION
001 630
942 _cBK
999 _c32125
_d32125
336 _atexto
_btxt
_2rdacontent
337 _2rdamedia
_asin mediación
_bn
338 _2rdacarrier
_avolumen
_bnc